La arquitectura mexicana en cuatro tiempos /

Guardado en:
Detalles Bibliográficos
Autor principal: Zambrano Villa, Jorge Enrique (autor)
Formato: Libro
Idioma:Español
Publicado: Guadalajara, México : Universidad de Guadalajara, 1981
Etiquetas: Agrega una etiqueta
Sin etiquetas, Sé el primero en etiquetar este registro!

MARC

LEADER 00000nam^a2200000^a^4500
001 000629136
005 20260306000000.0
009 20260407175340.4
037 |a Acervo ITESO - Biblioteca 
041 |a ESP 
091 |a FOB. 04271 
100 |a Zambrano Villa, Jorge Enrique  |e (autor) 
245 1 3 |a La arquitectura mexicana en cuatro tiempos / 
264 1 |a Guadalajara, México :  |b Universidad de Guadalajara,  |c 1981 
300 |a 85 p. 
336 |a texto  |b txt  |2 rdacontenido 
337 |a sin mediación  |b n  |2 rdamedio 
338 |a volumen  |b nc  |2 rdasoporte 
649 |a XX 
910 |a Fondo Carlos de Obeso Orendain 
920 |a Impresos - Libros 
930 |a Fondos Especiales 
905 |a 147 
901 |a 629136-10  |b IT2  |c ESP  |i D87039  |u 20260306 
902 |a https://opac.biblio.iteso.mx/vufind/Record/000629136